[Event "Loire Cup"]
[Site "Loire"]
[Date "2015.05.10"]
[Round "3.2"]
[White "Samuel, Christian"]
[Black "Vier, Serge"]
[Result "1-0"]
[WhiteElo "1843"]
[BlackElo "1670"]
[PlyCount "53"]
[EventDate "2015.05.10"]
[EventType "team-swiss"]
[EventRounds "3"]
[EventCountry "FRA"]
[SourceTitle "EXT 2016"]
[Source "ChessBase"]
[SourceDate "2015.10.08"]
[SourceVersion "1"]
[SourceVersionDate "2015.10.08"]
[SourceQuality "1"]
[WhiteTeam "ESSE"]
[BlackTeam "St Chamond II"]
[WhiteTeamCountry "FRA"]
[BlackTeamCountry "FRA"]

1. d4 d5 2. Nf3 Nf6 3. c4 e6 4. g3 Nbd7 5. Bg2 c6 6. 0-0 Qc7 7. b3 e5 8. dxe5 Nxe5 9. Bb2 Nxf3+ 10. Bxf3 dxc4 11. bxc4 Be7 12. e4 Bh3 13. Re1 Rd8 14. Qe2 0-0 15. e5 Nd7 16. Bg4 Bxg4 17. Qxg4 Qb6 18. Bc3 Bb4 19. a3 Bxc3 20. Nxc3 Nc5 21. Ne4 Nxe4 22. Rxe4 Qb2 23. Rae1 Rd2 24. Rf4 Qxa3 25. e6 fxe6 26. Qxe6+ Kh8 27. Qe3 1-0

[Event "Loire-ch Top20 1213"]
[Site "Loire"]
[Date "2012.10.06"]
[Round "1"]
[White "Vier, Serge"]
[Black "Furnon, Yannick"]
[Result "0-1"]
[WhiteElo "1700"]
[BlackElo "1830"]
[PlyCount "90"]
[EventDate "2012.10.06"]
[EventType "swiss"]
[EventRounds "8"]
[EventCountry "FRA"]
[SourceTitle "EXT 2014"]
[Source "ChessBase"]
[SourceDate "2013.11.20"]
[SourceVersion "1"]
[SourceVersionDate "2013.11.20"]
[SourceQuality "1"]

1. d4 d5 2. c4 c6 3. Nf3 Nf6 4. Nc3 dxc4 5. a4 Bf5 6. e3 e6 7. Bxc4 Bb4 8. 0-0 0-0 9. Qe2 Bg4 10. Rd1 Qa5 11. Bd2 Qh5 12. Ne4 Nxe4 13. Bxb4 Ng5 14. Bxf8 Bxf3 15. gxf3 Nxf3+ 16. Qxf3 Qxf3 17. Bd6 Nd7 18. b4 Nf6 19. Bf1 Ne4 20. Bg3 h5 21. Bg2 Qf5 22. f3 Nxg3 23. hxg3 Qc2 24. Rdc1 Qb3 25. Kf2 Qxb4 26. Bf1 Rb8 27. Rab1 Qd6 28. Rb3 g6 29. Rcb1 b6 30. Rc1 c5 31. Rd1 Rc8 32. Rc3 h4 33. gxh4 Qh2+ 34. Bg2 Qxh4+ 35. Ke2 Qg5 36. Kf2 Rd8 37. f4 Qh4+ 38. Ke2 cxd4 39. Rcd3 Rc8 40. Rxd4 Rc2+ 41. R4d2 Rxd2+ 42. Rxd2 Qh5+ 43. Kf2 Qc5 44. Bf1 Kg7 45. Bd3 Qb4 0-1

[Event "Loire-ch Top20 1112"]
[Site "Loire"]
[Date "2012.04.28"]
[Round "6.8"]
[White "Vier, Serge"]
[Black "Cursoux, Gerard"]
[Result "0-1"]
[WhiteElo "1740"]
[BlackElo "1920"]
[PlyCount "98"]
[EventDate "2011.10.08"]
[EventType "tourn"]
[EventRounds "7"]
[EventCountry "FRA"]
[SourceTitle "EXT 2014"]
[Source "ChessBase"]
[SourceDate "2013.11.20"]
[SourceVersion "1"]
[SourceVersionDate "2013.11.20"]
[SourceQuality "1"]

1. d4 d5 2. c4 dxc4 3. Nf3 Nf6 4. e3 e6 5. Bxc4 c5 6. 0-0 a6 7. Qe2 b5 8. Bb3 Bb7 9. Re1 Qc7 10. Nc3 Nbd7 11. e4 cxd4 12. Nxd4 Be7 13. Be3 Qe5 14. f3 Rc8 15. Rad1 0-0 16. Qf2 Rfd8 17. Qg3 Qxg3 18. hxg3 Nc5 19. Bc2 g6 20. Nb3 Nfd7 21. Rd2 Nxb3 22. Bxb3 Ne5 23. Red1 Rxd2 24. Rxd2 Kf8 25. Rd1 Ke8 26. f4 Ng4 27. Bf2 Bb4 28. f5 Ke7 29. Bd4 e5 30. Bb6 Bxc3 31. bxc3 Bxe4 32. fxg6 hxg6 33. Ba5 Rc6 34. Bb4+ Ke8 35. a4 f5 36. axb5 axb5 37. Ba5 Ra6 38. Bb4 Ne3 39. Rd6 Ra1+ 40. Kf2 Ng4+ 41. Ke2 Rb1 42. Re6+ Kd7 43. Re7+ Kd8 44. Bf7 Rb2+ 45. Ke1 Bc6 46. Bxg6 Rxb4 47. Bxf5 Kxe7 48. cxb4 Ne3 49. Bh3 Nc2+ 0-1

[Event "Loire-ch Top20 1112"]
[Site "Loire"]
[Date "2011.11.26"]
[Round "3.9"]
[White "Vier, Serge"]
[Black "Pareux, Marc"]
[Result "0-1"]
[WhiteElo "1720"]
[BlackElo "1680"]
[PlyCount "54"]
[EventDate "2011.10.08"]
[EventType "tourn"]
[EventRounds "7"]
[EventCountry "FRA"]
[SourceTitle "EXT 2014"]
[Source "ChessBase"]
[SourceDate "2013.11.20"]
[SourceVersion "1"]
[SourceVersionDate "2013.11.20"]
[SourceQuality "1"]

1. d4 g6 2. Nf3 Bg7 3. Nc3 c6 4. e4 d5 5. e5 Nh6 6. Bg5 f6 7. exf6 exf6 8. Bf4 0-0 9. Be2 Nf7 10. 0-0 Re8 11. Qd2 Nd7 12. Rfe1 Nf8 13. Bd3 Bg4 14. Rxe8 Qxe8 15. Re1 Qd7 16. Qe3 Bxf3 17. Qxf3 Ne6 18. Ne2 Re8 19. c3 Nfg5 20. Bxg5 Nxg5 21. Qf4 Qe7 22. Qd2 f5 23. Kf1 Ne4 24. Bxe4 fxe4 25. Ng3 Qh4 26. h3 Rf8 27. Qe2 Qxg3 0-1

[Event "Loire-ch Top20 1011"]
[Site "Loire"]
[Date "2011.02.12"]
[Round "5"]
[White "Vier, Serge"]
[Black "Andre, Gregory"]
[Result "1/2-1/2"]
[WhiteElo "1700"]
[BlackElo "1740"]
[PlyCount "65"]
[EventDate "2010.10.09"]
[EventType "swiss"]
[EventRounds "7"]
[EventCountry "FRA"]
[SourceTitle "EXT 2012"]
[Source "ChessBase"]
[SourceDate "2011.11.24"]
[SourceVersion "1"]
[SourceVersionDate "2011.11.24"]
[SourceQuality "1"]

1. d4 Nf6 2. Nf3 d5 3. c4 e6 4. Nc3 Bb4 5. Bg5 c6 6. cxd5 exd5 7. a3 Bxc3+ 8. bxc3 Bf5 9. c4 Nbd7 10. cxd5 Qa5+ 11. Qd2 Qxd2+ 12. Nxd2 cxd5 13. e3 Ne4 14. Nxe4 Bxe4 15. f3 Bg6 16. Bb5 a6 17. Ba4 b5 18. Bb3 Nb6 19. Ke2 Kd7 20. Rhc1 Nc4 21. a4 Rhb8 22. Bf4 Rb6 23. axb5 Kd8 24. Bxc4 dxc4 25. Rxc4 Rxb5 26. Kf2 Bd3 27. Rca4 Rb2+ 28. Kg3 Rc8 29. R1a2 Rcc2 30. Rxb2 Rxb2 31. Ra1 f6 32. e4 Rc2 33. Be3 1/2-1/2

[Event "Loire-ch Top20 1011"]
[Site "Loire"]
[Date "2010.12.18"]
[Round "3"]
[White "Minchili, Franco"]
[Black "Vier, Serge"]
[Result "1/2-1/2"]
[WhiteElo "1710"]
[BlackElo "1700"]
[PlyCount "60"]
[EventDate "2010.10.09"]
[EventType "swiss"]
[EventRounds "7"]
[EventCountry "FRA"]
[SourceTitle "EXT 2012"]
[Source "ChessBase"]
[SourceDate "2011.11.24"]
[SourceVersion "1"]
[SourceVersionDate "2011.11.24"]
[SourceQuality "1"]

1. e4 e6 2. Nf3 d5 3. e5 c5 4. c3 Qb6 5. d4 Bd7 6. b3 cxd4 7. Nxd4 Nc6 8. Be3 Nxd4 9. Bxd4 Bc5 10. Be2 Bxd4 11. Qxd4 Qc7 12. Na3 a6 13. 0-0 Ne7 14. Rad1 Nf5 15. Qd3 Rc8 16. c4 dxc4 17. Nxc4 Bb5 18. Rc1 0-0 19. a4 Bxc4 20. Qxc4 Qxc4 21. Rxc4 Rxc4 22. Bxc4 Rd8 23. g4 Nd4 24. Kg2 Nc6 25. f4 Kf8 26. Kg3 Rd4 27. Rc1 Na5 28. Rc3 Ke7 29. Bd3 Kd7 30. Kf3 Rb4 1/2-1/2

[Event "Loire-ch Top20 0910"]
[Site "Loire"]
[Date "2009.11.14"]
[Round "2"]
[White "Vier, Serge"]
[Black "Muller, Anthony"]
[Result "0-1"]
[WhiteElo "1660"]
[BlackElo "1920"]
[PlyCount "114"]
[EventDate "2009.12.??"]
[EventType "tourn"]
[EventRounds "7"]
[EventCountry "FRA"]
[SourceTitle "EXT 2011"]
[Source "ChessBase"]
[SourceDate "2010.11.26"]
[SourceVersion "1"]
[SourceVersionDate "2010.11.26"]
[SourceQuality "1"]

1. d4 e6 2. c4 Nf6 3. Nf3 b6 4. g3 Bb7 5. Bg2 Be7 6. 0-0 0-0 7. Nc3 Re8 8. Qc2 d5 9. Ne5 Nc6 10. cxd5 Nb4 11. Qb3 Nbxd5 12. Re1 c5 13. dxc5 Bxc5 14. Nd3 Bd6 15. Bg5 Be7 16. Rac1 Qb8 17. Nxd5 Bxd5 18. Bxd5 Nxd5 19. Bxe7 Nxe7 20. Nb4 Qb7 21. Qc4 Rac8 22. Qa6 Qxa6 23. Nxa6 Nd5 24. e4 Nf6 25. f3 Kf8 26. Kf2 Ke7 27. Red1 Red8 28. Ke2 Rxd1 29. Rxd1 Rc4 30. b3 Rc2+ 31. Rd2 Rxd2+ 32. Kxd2 Kd6 33. Nb4 Nd7 34. Nd3 e5 35. Kc3 g6 36. g4 Nf8 37. a3 Ne6 38. b4 Nd4 39. Ne1 f5 40. gxf5 gxf5 41. exf5 Nxf5 42. Kd3 Ke6 43. Ke4 Nd6+ 44. Kd3 Kf5 45. Ng2 b5 46. Kc3 h5 47. Kd3 Nc4 48. a4 Nb2+ 49. Kc2 Nxa4 50. Kd3 Nb2+ 51. Kc3 Nc4 52. Kd3 a6 53. Ke2 e4 54. fxe4+ Kxe4 55. h4 Ne5 56. Ne3 Ng6 57. Ng2 Nf4+ 0-1

[Event "Loire-ch Top20 0506"]
[Site "Loire"]
[Date "2005.11.27"]
[Round "3"]
[White "Vier, Serge"]
[Black "Petit, Didier"]
[Result "0-1"]
[WhiteElo "1670"]
[BlackElo "1957"]
[PlyCount "72"]
[EventDate "2005.10.08"]
[EventType "swiss"]
[EventRounds "6"]
[EventCountry "FRA"]
[SourceTitle "EXT 2008"]
[Source "ChessBase"]
[SourceDate "2007.11.25"]
[SourceVersion "1"]
[SourceVersionDate "2007.11.25"]
[SourceQuality "1"]

1. d4 Nf6 2. c4 e6 3. Nf3 c5 4. d5 exd5 5. cxd5 d6 6. Nc3 a6 7. a4 h6 8. g3 Bf5 9. Bg2 Nbd7 10. 0-0 Be7 11. Re1 0-0 12. e4 Bh7 13. Qb3 Rb8 14. Bf4 b5 15. e5 dxe5 16. Nxe5 Nxe5 17. Bxe5 Bd6 18. axb5 Bxe5 19. Rxe5 axb5 20. Rae1 Qb6 21. Ne4 Bxe4 22. Bxe4 c4 23. Qe3 Qd6 24. Bf3 Rfc8 25. Qa7 b4 26. Qe7 Rb6 27. Qa7 Rc7 28. Qa8+ Kh7 29. Qa1 c3 30. bxc3 bxc3 31. Qd1 Rb2 32. Qd3+ g6 33. R5e3 Rd2 34. Qb1 Qc5 35. R1e2 c2 36. Qc1 Rd1+ 0-1

[Event "Loire-ch Top20 0506"]
[Site "Loire"]
[Date "2005.10.08"]
[Round "1"]
[White "Garon, Pierre"]
[Black "Vier, Serge"]
[Result "1-0"]
[WhiteElo "1949"]
[BlackElo "1670"]
[PlyCount "49"]
[EventDate "2005.10.08"]
[EventType "swiss"]
[EventRounds "6"]
[EventCountry "FRA"]
[SourceTitle "EXT 2008"]
[Source "ChessBase"]
[SourceDate "2007.11.25"]
[SourceVersion "1"]
[SourceVersionDate "2007.11.25"]
[SourceQuality "1"]

1. d4 d5 2. Nf3 Bf5 3. c4 e6 4. Qb3 Nc6 5. c5 Rb8 6. e3 a6 7. Be2 Nf6 8. Nbd2 Be7 9. 0-0 0-0 10. Qc3 Re8 11. b4 Ne4 12. Nxe4 Bxe4 13. Bb2 Bf6 14. Ne5 Bxe5 15. dxe5 Qg5 16. f3 Bf5 17. a4 Nxb4 18. Qxb4 Qxe3+ 19. Rf2 Qg5 20. Bd4 h5 21. Qc3 c6 22. Ra3 Qe7 23. Rb3 Qg5 24. Qb2 Qe7 25. Bxa6 1-0

[Event "Loire-ch op 0405"]
[Site "Loire"]
[Date "2004.11.27"]
[Round "4"]
[White "Roche, Marius"]
[Black "Vier, Serge"]
[Result "1/2-1/2"]
[WhiteElo "1680"]
[BlackElo "1760"]
[PlyCount "75"]
[EventDate "2004.10.16"]
[EventType "swiss"]
[EventRounds "9"]
[EventCountry "FRA"]
[SourceTitle "EXT 2008"]
[Source "ChessBase"]
[SourceDate "2007.11.25"]
[SourceVersion "1"]
[SourceVersionDate "2007.11.25"]
[SourceQuality "1"]

1. d4 d5 2. c4 e6 3. Nc3 Nf6 4. cxd5 exd5 5. Qc2 c6 6. Bg5 Nbd7 7. e3 Be7 8. Bd3 0-0 9. Nge2 h6 10. Bf4 Nh5 11. 0-0-0 Nxf4 12. Nxf4 Re8 13. Kb1 Nf8 14. Rde1 Ne6 15. Nfe2 Bb4 16. a3 Bxc3 17. Qxc3 Ng5 18. Ng3 Ne4 19. Nxe4 dxe4 20. Bc4 Be6 21. Rd1 Bd5 22. Rc1 Rc8 23. Qb4 Rb8 24. Bxd5 Qxd5 25. Rc5 Qd6 26. Qc4 a6 27. Qc2 Rbc8 28. Qc3 Qf6 29. Qd2 Red8 30. Qe2 Qe6 31. Rf1 Rd5 32. Rxd5 Qxd5 33. Rc1 Qd6 34. Qg4 Rd8 35. h3 Re8 36. Qe2 Qe6 37. Qg4 Qd6 38. Qe2 1/2-1/2

[Event "Loire-ch op"]
[Site "Loire"]
[Date "2004.03.20"]
[Round "5"]
[White "Vier, Serge"]
[Black "Barnes, Pierrick"]
[Result "1/2-1/2"]
[WhiteElo "1730"]
[BlackElo "1930"]
[PlyCount "55"]
[EventDate "2004.01.10"]
[EventType "swiss"]
[EventRounds "9"]
[EventCountry "FRA"]
[SourceTitle "EXT 2008"]
[Source "ChessBase"]
[SourceDate "2007.11.25"]
[SourceVersion "1"]
[SourceVersionDate "2007.11.25"]
[SourceQuality "1"]

1. d4 Nf6 2. c4 e6 3. Nf3 b6 4. g3 Bb7 5. Bg2 Be7 6. 0-0 0-0 7. Nc3 c5 8. d5 d6 9. dxe6 fxe6 10. Qc2 Qc8 11. Rd1 Na6 12. a3 Bc6 13. Nh4 Bxg2 14. Nxg2 Ng4 15. f3 Nf6 16. Ne4 Qc6 17. Nxf6+ Bxf6 18. Nf4 Nc7 19. Rb1 a5 20. b3 Rfe8 21. Bb2 Bxb2 22. Qxb2 e5 23. Nd5 Rab8 24. Qd2 Nxd5 25. Qxd5+ Qxd5 26. Rxd5 Re6 27. Rbd1 Rd8 28. a4 1/2-1/2

[Event "Loire-ch op"]
[Site "Loire"]
[Date "2004.03.06"]
[Round "4"]
[White "Desassis, Gregoire"]
[Black "Vier, Serge"]
[Result "0-1"]
[WhiteElo "1660"]
[BlackElo "1730"]
[PlyCount "82"]
[EventDate "2004.01.10"]
[EventType "swiss"]
[EventRounds "9"]
[EventCountry "FRA"]
[SourceTitle "EXT 2008"]
[Source "ChessBase"]
[SourceDate "2007.11.25"]
[SourceVersion "1"]
[SourceVersionDate "2007.11.25"]
[SourceQuality "1"]

1. d4 d5 2. c4 e6 3. Nc3 Nf6 4. Bg5 Nbd7 5. e4 dxe4 6. Nxe4 Be7 7. Bd3 0-0 8. Nxf6+ Nxf6 9. Nf3 h6 10. Bh4 Bb4+ 11. Nd2 Qxd4 12. Bxf6 Qxf6 13. Qb3 Bxd2+ 14. Kxd2 Qxf2+ 15. Be2 Rd8+ 16. Kc3 Qxe2 17. Rad1 Qe3+ 18. Kc2 Qxb3+ 19. Kxb3 Bd7 20. Kc3 Bc6 21. Rxd8+ Rxd8 22. Rg1 Kf8 23. b4 Ba4 24. b5 Rd1 25. Rxd1 Bxd1 26. Kb4 Ke7 27. a4 Kd7 28. c5 Bxa4 29. Kxa4 e5 30. Kb4 f5 31. Kc4 Ke6 32. c6 bxc6 33. bxc6 Kd6 34. Kb5 e4 35. g4 f4 36. Kc4 Ke5 37. Kb5 f3 38. Ka6 f2 39. Kb7 Kd6 40. Kxa7 f1Q 41. Kb7 Qc4 0-1

[Event "Loire-ch op"]
[Site "Loire"]
[Date "2004.03.06"]
[Round "3"]
[White "Vier, Serge"]
[Black "Farge, Damien"]
[Result "1/2-1/2"]
[WhiteElo "1730"]
[BlackElo "1600"]
[PlyCount "88"]
[EventDate "2004.01.10"]
[EventType "swiss"]
[EventRounds "9"]
[EventCountry "FRA"]
[SourceTitle "EXT 2008"]
[Source "ChessBase"]
[SourceDate "2007.11.25"]
[SourceVersion "1"]
[SourceVersionDate "2007.11.25"]
[SourceQuality "1"]

1. d4 d5 2. c4 c6 3. Nc3 Nf6 4. e3 Bf5 5. Nf3 Nbd7 6. Be2 e6 7. 0-0 b6 8. Nh4 Bd6 9. Nxf5 exf5 10. cxd5 cxd5 11. Bf3 Qc7 12. g3 Qc6 13. Bd2 Ne4 14. Rc1 Nxc3 15. Rxc3 Qb5 16. Qc2 0-0 17. Rc1 Nf6 18. Qb3 Qxb3 19. Rxb3 Rac8 20. Rbc3 Rxc3 21. Bxc3 Rc8 22. Bd2 Rxc1+ 23. Bxc1 h5 24. Bg2 Kh7 25. b3 a5 26. Kf1 Kg6 27. Ke2 Ne4 28. Bb2 Kf6 29. f3 Ng5 30. Kd3 g6 31. Bc1 Nh7 32. e4 fxe4+ 33. fxe4 Ke6 34. exd5+ Kd7 35. Kc4 Nf6 36. Kb5 Kc7 37. Bf4 Bxf4 38. gxf4 Nd7 39. Bh3 f5 40. Bf1 Kd6 41. Bg2 Kc7 42. Kc4 Kd6 43. Bf1 Nf6 44. Bg2 Nd7 1/2-1/2

[Event "FRA-chT3 Gr12 0304"]
[Site "Loire"]
[Date "2004.01.18"]
[Round "4.5"]
[White "Montoya, Alain"]
[Black "Vier, Serge"]
[Result "1-0"]
[WhiteElo "1680"]
[BlackElo "1730"]
[PlyCount "61"]
[EventDate "2003.10.12"]
[EventType "team"]
[EventRounds "9"]
[EventCountry "FRA"]
[SourceTitle "EXT 2008"]
[Source "ChessBase"]
[SourceDate "2007.11.25"]
[SourceVersion "1"]
[SourceVersionDate "2007.11.25"]
[SourceQuality "1"]

1. e4 e6 2. d4 d5 3. e5 c5 4. c3 Nc6 5. Nf3 Bd7 6. Bd3 cxd4 7. cxd4 Rc8 8. a3 Nge7 9. Nc3 Qb6 10. 0-0 Nxd4 11. Nxd4 Qxd4 12. Qe2 Nc6 13. Re1 Be7 14. Nb5 Qb6 15. Nd6+ Bxd6 16. exd6 Qd8 17. Qh5 Kf8 18. Bg5 f6 19. Qf3 Be8 20. Bf4 Bf7 21. Rad1 e5 22. Bf5 Ra8 23. d7 Nb8 24. Bxe5 fxe5 25. Be6 Ke7 26. Qxf7+ Kd6 27. Bxd5 Nxd7 28. Bxb7+ Kc7 29. Bxa8 Rf8 30. Rxd7+ Qxd7 31. Rc1+ 1-0

[Event "FRA-chT3 Gr12 0304"]
[Site "Loire"]
[Date "2003.12.07"]
[Round "4.6"]
[White "Kljucanin, Sead"]
[Black "Vier, Serge"]
[Result "1-0"]
[WhiteElo "2030"]
[BlackElo "1780"]
[PlyCount "103"]
[EventDate "2003.10.12"]
[EventType "team"]
[EventRounds "9"]
[EventCountry "FRA"]
[SourceTitle "EXT 2008"]
[Source "ChessBase"]
[SourceDate "2007.11.25"]
[SourceVersion "1"]
[SourceVersionDate "2007.11.25"]
[SourceQuality "1"]

1. d4 d5 2. Nf3 Nf6 3. Bf4 e6 4. e3 Nbd7 5. a3 c6 6. Be2 Be7 7. 0-0 0-0 8. c4 Re8 9. Nc3 dxc4 10. Bxc4 Nb6 11. Bd3 c5 12. dxc5 Bxc5 13. Qc2 Bd6 14. Rad1 e5 15. Bg5 h6 16. Bh4 Bg4 17. Be4 Qe7 18. h3 Be6 19. Bg3 Nxe4 20. Qxe4 f6 21. Nb5 Bb8 22. a4 Nc4 23. b3 Nd6 24. Nxd6 Bxd6 25. Nd2 Red8 26. Nc4 Bb4 27. f4 exf4 28. exf4 Bf7 29. Qf3 Bc5+ 30. Kh2 Rac8 31. Rfe1 Qc7 32. f5 Qc6 33. Qxc6 bxc6 34. Bf4 Bb4 35. Rf1 Bd5 36. g4 Re8 37. Kg3 Re7 38. Rd3 Bxc4 39. bxc4 Rce8 40. Kf3 Re1 41. Rxe1 Bxe1 42. Rd7 a5 43. Rc7 Rd8 44. Rxc6 Bb4 45. Ke4 Rd1 46. Rc8+ Kf7 47. Rc7+ Kf8 48. c5 Ra1 49. Bd6+ Kg8 50. Kd5 Rxa4 51. Rc8+ Kf7 52. Rf8# 1-0